Applied panel data analysis for economic and social surveys

Uložené v:
Podrobná bibliografia
Hlavný autor: Andress, Hans-Jürgen
Ďalší autori: Golsch, Katrin, Schmidt, Alexander W.
Médium: Kniha
Jazyk:English
Vydavateľské údaje: Berlin Springer 2013
Predmet:
Tagy: Pridať tag
Žiadne tagy, Buďte prvý, kto otaguje tento záznam!

MARC

LEADER 00000nam a2200000 4500
001 0175179
005 20240314085634.2
020 |a 978-3-642-32913-5 
041 0 |a eng 
044 |a DE 
245 1 0 |a Applied panel data analysis for economic and social surveys  |c Hans-Jürgen Andress, Katrin Golsch, Alexander W. Schmidt 
264 1 |a Berlin  |b Springer  |c 2013 
300 |a xv, 327 s. 
610 2 0 |a dáta 
610 2 0 |a modelovanie 
610 2 0 |a analýzy 
610 2 0 |a chudoba 
610 2 0 |a Nemecko 
610 2 0 |a prieskum 
610 2 0 |a analýza dát panelových 
100 1 |a Andress, Hans-Jürgen 
700 1 |a Golsch, Katrin 
700 1 |a Schmidt, Alexander W.